|
|
|
|
| LEADER |
00000cam a2200000 7i4500 |
| 001 |
0000011704 |
| 005 |
20071116.0 |
| 008 |
071116 |
| 020 |
|
|
|a 9836287205
|
| 090 |
0 |
0 |
|a ALI
|b MAL
|
| 100 |
0 |
|
|a Ali Jusoh
|
| 245 |
1 |
0 |
|a Musim sepi
|c Ali Jusoh
|
| 260 |
|
|
|a Kuala Lumpur :
|b Dewan Bahasa dan Pustaka ,
|c 2005
|
| 650 |
|
0 |
|a Malay fiction
|
| 650 |
|
0 |
|a Novel
|
| 999 |
|
|
|a 0001001985
|b Book
|c Adult Collection
|e Perbadanan Perpustakaan Awam Johor
|
| 999 |
|
|
|a 0001001986
|b Book
|c Adult Collection
|e Perbadanan Perpustakaan Awam Johor
|
| 999 |
|
|
|a 0001002177
|b Book
|c Adult Collection
|e Perbadanan Perpustakaan Awam Johor
|